| 000 | 00348nam a2200145Ia 4500 | ||
|---|---|---|---|
| 008 | 150201s2013 xx 000 0 und d | ||
| 082 |
_a611 _bB13V |
||
| 100 | _aVENKTESH , D. | ||
| 245 | _aBASIC OF ANATOMY , PHYSIOLOGY & MICROBIOLOGY | ||
| 250 | _a1ST | ||
| 260 |
_bCBS _aDELHI _c2013 |
||
| 300 | _a369 | ||
| 650 | _aANATOMY | ||
| 942 |
_2ddc _cBK _064 |
||
| 999 |
_c2075 _d2075 |
||